| 000 | 00638nam a2200181Ia 4500 | ||
|---|---|---|---|
| 003 | GCL | ||
| 008 | 140319s9999 xx 000 0 ara d | ||
| 040 |
_aGCL / _cGCL |
||
| 082 | 0 | 4 |
_a813.01 _bح ل |
| 100 | 1 | _aحجاج حسن ادول | |
| 245 | 1 | 0 |
_aليالى المسك العتيقة: المجموعة الفائزة بجائزة الدولة التشجيعية لعام 1990 / _cحجاج حسن ادول |
| 300 | _a113 ص | ||
| 490 |
_aكتاب _v0 |
||
| 650 | 0 | 4 | _aالقصص القصيرة |
| 650 | 0 | 4 | _aالقصص العربية القصيرة |
| 650 | 0 | 4 | _aالادب العربى - العصر الحديث |
| 942 |
_2ddc _cBK |
||
| 999 |
_c41183 _d41183 |
||